Statistics for Liga Scorers 2015-2016

Click here to take the quiz!

General Stats

  • This quiz has been taken 31 times
  • The average score is 12 of 20

Answer Stats

RankClubPlayerGoals% Correct
6Atletico MadridAntoine Griezmann22
100%
2Real MadridCristiano Ronaldo35
100%
8Real MadridGareth Bale19
100%
4Real MadridKarim Benzema24
100%
3FC BarcelonaLionel Messi26
100%
1FC BarcelonaLuis Suarez40
100%
5FC BarcelonaNeymar24
96%
7Athletic BilbaoAritz Aduriz20
70%
12Sevilla FCKévin Gameiro16
59%
17Celta VigoNolito12
59%
16Valencia CFPaco Alcacer13
52%
11Deportivo La CorunaLucas Perez17
44%
20VillarrealCedric Bakambu12
41%
14Celta VigoIago Aspas14
41%
10EibarBorja Baston18
33%
13Granada CFYoussef El Arabi16
33%
15Real SociedadImanol Agirretxe13
30%
9Real BetisRuben Castro19
30%
19Rayo VallecanoJavi Guerra12
15%
18MalagaCharles12
11%

Score Distribution

Percentile by Number Answered

Percent of People with Each Score

Your Score History

You have not taken this quiz